000 00641nam a2200193Ia 4500
003 GCL
008 140319s9999 xx 000 0 ara d
040 _aGCL /
_cGCL
082 0 4 _a320.54
_bم ى
100 1 _aمحمد احمد خلف الله
245 1 0 _aالنقطة العربية: تعالج قضايا الفكر القومى /
_cمحمد احمد خلف الله
300 _a137 ص
490 _aالهيئة العامة للاستعلامات
_v0
650 0 4 _aالعلوم السياسية
650 0 4 _aالقومية العربية
650 0 4 _aالحياد
650 0 4 _aالمازق العربية
942 _2ddc
_cBK
999 _c51568
_d51568